<?xml version="1.0" encoding="UTF-8"?>
<record
    xmlns:xsi="http://www.w3.org/2001/XMLSchema-instance"
    xsi:schemaLocation="http://www.loc.gov/MARC21/slim http://www.loc.gov/standards/marcxml/schema/MARC21slim.xsd"
    xmlns="http://www.loc.gov/MARC21/slim">

  <leader>00689nam a22001937a 4500</leader>
  <controlfield tag="005">20220301111352.0</controlfield>
  <controlfield tag="008">220301b        |||||||| |||| 00| 0 eng d</controlfield>
  <datafield tag="020" ind1=" " ind2=" ">
    <subfield code="a">0787106852</subfield>
  </datafield>
  <datafield tag="050" ind1=" " ind2=" ">
    <subfield code="a">RC 489, </subfield>
    <subfield code="b">.P67J36 1996</subfield>
  </datafield>
  <datafield tag="100" ind1=" " ind2=" ">
    <subfield code="a">Janov Arthur</subfield>
  </datafield>
  <datafield tag="245" ind1=" " ind2=" ">
    <subfield code="a">Why you get sick,how to get well :</subfield>
    <subfield code="b"> The healing power of feelings/</subfield>
    <subfield code="c">Dr. Arthur Janov</subfield>
  </datafield>
  <datafield tag="260" ind1=" " ind2=" ">
    <subfield code="a">West Hollywood, CA. : </subfield>
    <subfield code="b">Dove Books, </subfield>
    <subfield code="c">&#xA9;1996.</subfield>
  </datafield>
  <datafield tag="300" ind1=" " ind2=" ">
    <subfield code="a">xv, 295 p. :</subfield>
    <subfield code="b"> ill. (some color) ; </subfield>
    <subfield code="c">24 cm</subfield>
  </datafield>
  <datafield tag="504" ind1=" " ind2=" ">
    <subfield code="a">Includes Bibliographical Reference and Index</subfield>
  </datafield>
  <datafield tag="650" ind1=" " ind2=" ">
    <subfield code="a"> Primal therapy.</subfield>
  </datafield>
  <datafield tag="650" ind1=" " ind2=" ">
    <subfield code="a">Mental Healing. </subfield>
  </datafield>
  <datafield tag="650" ind1=" " ind2=" ">
    <subfield code="a">Psychotherapy.     </subfield>
  </datafield>
  <datafield tag="942" ind1=" " ind2=" ">
    <subfield code="2">lcc</subfield>
    <subfield code="h">RC 489 .P67J36 1996</subfield>
    <subfield code="c">BOOKS</subfield>
  </datafield>
  <datafield tag="999" ind1=" " ind2=" ">
    <subfield code="c">31253</subfield>
    <subfield code="d">31253</subfield>
  </datafield>
  <datafield tag="952" ind1=" " ind2=" ">
    <subfield code="0">0</subfield>
    <subfield code="1">0</subfield>
    <subfield code="2">lcc</subfield>
    <subfield code="4">0</subfield>
    <subfield code="7">0</subfield>
    <subfield code="a">MUC</subfield>
    <subfield code="b">MUC</subfield>
    <subfield code="c">GEN</subfield>
    <subfield code="d">2022-03-01</subfield>
    <subfield code="e">Donation- Damaris Kimanzi</subfield>
    <subfield code="g">214.00</subfield>
    <subfield code="l">1</subfield>
    <subfield code="o">RC 489 .P67J36 1996</subfield>
    <subfield code="p">39100</subfield>
    <subfield code="r">2022-09-21</subfield>
    <subfield code="s">2022-09-07</subfield>
    <subfield code="w">2022-03-01</subfield>
    <subfield code="y">BOOKS</subfield>
  </datafield>
</record>
